Т. 5. Работы экспертных комиссий; Отчет о Всероссийской художественно-промышленной выставки 1882 года в Москве

Podrobná bibliografie
Parent link:Отчет о Всероссийской художественно-промышленной выставки 1882 года в Москве: [в 6-ти тт.]/ под ред. В. П. Безобразова.— , 1883-1884
Shrnutí:разд. паг.
Jazyk:ruština
Vydáno: 1883
Témata:
Médium: MixedMaterials Kniha
KOHA link:https://koha.lib.tpu.ru/cgi-bin/koha/opac-detail.pl?biblionumber=332160

MARC

LEADER 00000nam2a2200000 4500
001 332160
005 20231102004428.0
035 |a (RuTPU)RU\TPU\book\358062 
035 |a RU\TPU\book\358056 
090 |a 332160 
100 |a 20170517d1883 m y0rusy50 ca 
101 0 |a rus 
102 |a RU 
105 |a y z 000zy 
200 1 |a Т. 5. Работы экспертных комиссий 
210 |d 1883 
215 |a VI, 20, 440 
300 |a разд. паг. 
461 1 |0 (RuTPU)RU\TPU\book\358009  |t Отчет о Всероссийской художественно-промышленной выставки 1882 года в Москве  |o [в 6-ти тт.]  |f под ред. В. П. Безобразова  |d 1883-1884 
606 |a Выставки торгово-промышленные  |2 stltpush  |3 (RuTPU)RU\TPU\subj\3982  |9 32304 
610 1 |a отчет 
610 1 |a выставки 
610 1 |a экспертная коммиссия 
610 1 |a произведения кустарной промышленности 
610 1 |a дерево 
610 1 |a животные продукты 
610 1 |a металлическое производство 
610 1 |a выделка кожи 
610 1 |a бумажные ткани 
610 1 |a шелковые ткани 
610 1 |a иконописное призводство 
610 1 |a ковровые изделия 
610 1 |a награды 
610 1 |a золотые медали 
610 1 |a обработка 
686 |a У9(2)212.4  |v LBC/SL-A  |2 rubbk 
801 1 |a RU  |b 63413507  |c 20170516 
801 2 |a RU  |b 63413507  |c 20210701  |g RCR 
942 |c BK